U.S. cities in Chinese - Statistics

General Stats
  • This quiz has been taken 20 times
  • The average score is 15 of 20
Answer Stats
Hint Answer % Correct
Maiami Miami
95%
Sakelamentuo Sacramento
95%
Zhijiage Chicago
90%
Sanfanshi San Francisco
90%
Yatelanda Atlanta
85%
Boshidun Boston
85%
Dalasi Dallas
85%
Lasiweijiasi Las Vegas
85%
Niuyue New York
85%
Luosanji Los Angeles
80%
Shengdiyage San Diego
75%
Xiyatu Seattle
75%
Botelan Portland
70%
Ditelu Detroit
65%
Xiusidun Houston
65%
Baerdemo Baltimore
60%
Feinikesi Phoenix
60%
Xialuote Charlotte
55%
Kelifulan Cleveland
45%
Menggemali Montgomery
25%
No matching quizzes found
Score Distribution
Percent of People with Each Score
Percentile by Number Answered
Your Score History
You have not taken this quiz